最大的相邻县级行政区序列-河北 Largest-Bordering-County Sequence in Hebei - Statistics

General Stats
  • This quiz has been taken 18 times
  • The average score is 73 of 167
Answers on the Map
Answers color-coded by a green-red scale on the quiz's map according to % correct below.
 
Answer Stats
行政区 % Correct
围场满族蒙古族自治县
100%
丰宁满族自治县
80%
承德县
80%
平泉市
80%
青龙满族自治县
80%
隆化县
70%
宽城满族自治县
60%
兴隆县
60%
滦南县
60%
曹妃甸区
60%
昌黎县
60%
卢龙县
60%
滦州市
60%
海港区
60%
山海关区
60%
北戴河区
60%
玉田县
60%
沽源县
60%
张北县
60%
迁西县
50%
遵化市
50%
丰润区
50%
丰南区
50%
乐亭县
50%
抚宁区
50%
迁安市
50%
开平区
50%
古冶区
50%
路北区
50%
路南区
50%
鹰手营子矿区
50%
滦平县
50%
双滦区
50%
双桥区
50%
赤城县
50%
康保县
50%
尚义县
50%
怀安县
50%
宣化区
50%
蔚县
50%
涿鹿县
50%
涞源县
50%
易县
50%
涞水县
50%
涿州市
50%
固安县
50%
霸州市
50%
文安县
50%
河间市
50%
沧县
50%
黄骅市
50%
青县
50%
大城县
50%
运河区
50%
新华区(沧州)
50%
海兴县
50%
盐山县
50%
南皮县
50%
辛集市
50%
任丘市
40%
泊头市
40%
献县
40%
饶阳县
40%
深州市
40%
宁晋县
40%
冀州区
40%
枣强县
40%
景县
40%
故城县
40%
南宫市
40%
威县
40%
临西县
40%
清河县
40%
馆陶县
40%
大名县
40%
魏县
40%
临漳县
40%
磁县
40%
武安市
40%
信都区
40%
沙河市
40%
永年区
40%
曲周县
40%
肥乡区
40%
成安县
40%
邯山区
40%
丛台区
40%
复兴区
40%
峰峰矿区
40%
广平县
40%
邱县
40%
广宗县
40%
巨鹿县
40%
隆尧县
40%
临城县
40%
赞皇县
40%
井陉县
40%
平山县
40%
灵寿县
40%
阜平县
40%
唐县
40%
定州市
40%
曲阳县
40%
行唐县
40%
新乐市
40%
藁城区
40%
赵县
40%
元氏县
40%
鹿泉区
40%
正定县
40%
长安区
40%
裕华区
40%
栾城区
40%
桥西区(石家庄)
40%
新华区(石家庄)
40%
高邑县
40%
柏乡县
40%
晋州市
40%
无极县
40%
深泽县
40%
安平县
40%
蠡县
40%
清苑区
40%
安新县
40%
徐水区
40%
定兴县
40%
高碑店市
40%
雄县
40%
容城县
40%
满城区
40%
顺平县
40%
望都县
40%
安国市
40%
博野县
40%
莲池区
40%
竞秀区
40%
高阳县
40%
肃宁县
40%
井陉矿区
40%
内丘县
30%
任泽区
30%
平乡县
30%
南和区
30%
鸡泽县
30%
襄都区
30%
新河县
30%
涉县
30%
武邑县
30%
阜城县
30%
东光县
30%
吴桥县
30%
桃城区
30%
孟村回族自治县
30%
永清县
30%
安次区
30%
广阳区
30%
怀来县
30%
下花园区
30%
阳原县
30%
崇礼区
30%
桥东区
30%
桥西区(张家口)
30%
万全区
30%
三河市
30%
香河县
30%
大厂回族自治县
30%
武强县
20%
No matching quizzes found
Score Distribution
Percent of People with Each Score
Percentile by Number Answered
Your Score History
You have not taken this quiz